| 000 | 00822nam0a22002531 4500 | ||
|---|---|---|---|
| 001 | rc\957985 | ||
| 005 | 20250622055711.0 | ||
| 035 | _a(NLR Aleph) 006128524 | ||
| 090 |
_a5536391 _c5536391 |
||
| 100 | _a20041129d1982 |||y0rusy50 ca | ||
| 101 | 0 | _arus | |
| 102 | _aRU | ||
| 105 | _ay ||||||||| | ||
| 200 | 1 |
_aРусские говоры Западной Сибири _e[Сб. ст.] |
|
| 210 |
_aТюмень _cТГУ _d1982 |
||
| 215 |
_a83 с. _d20 |
||
| 225 | 1 |
_aНаучные труды _fТюмен. гос. ун-т _vСб. 94 |
|
| 300 | _aВ надзаг. также: М-во высш. и сред. спец. образования РСФСР | ||
| 320 | _aБиблиогр. в конце ст. | ||
| 801 | 0 |
_aRU _bNLR _gpsbo |
|
| 801 | 1 |
_aRU _bELAR _2rusmarc |
|
| 852 |
_aNLR _jП28/1239 |
||
| 942 | _cBOOK | ||
| 980 | _aNB | ||